5ta Encuesta Nacional de Juventud

Salvato in:
Dettagli Bibliografici
Ente Autore: Instituto Nacional de la Juventud (Autore)
Natura: Libro
Lingua:spagnolo
Pubblicazione: Santiago INJUV 2007
Soggetti:
Tags: Aggiungi Tag
Nessun Tag, puoi essere il primo ad aggiungerne!!

MARC

LEADER 00000cam a2200000 a 4500
001 UCI6187
003 CL-VaPUC
008 080418e20070000CL |||||||||||||||||spa|d
082 0 4 |a 305.235  |b INS  |2 21 
110 2 |a Instituto Nacional de la Juventud  |e author  |9 528903 
245 1 0 |a 5ta Encuesta Nacional de Juventud 
300 |a 301 p 
942 |c BK 
945 |d 20080418 00:00:00  |a jtorresc 
260 |a Santiago  |b INJUV  |c 2007 
500 |a Incluye Cd-rom 
650 0 |a Juventud  |9 271073 
650 0 |a Grupos sociales  |9 268887 
650 0 |a Integración social  |9 319662 
650 0 |a Problemas sociales  |9 258537 
650 0 |a Trabajo y empleo  |9 315054 
650 0 |a Condiciones económicas  |9 258255 
650 0 |a Desarrollo cultural  |9 267526 
583 |a last modification  |c 20141029 10:57:21  |k Rodrigo Vera 
999 |c 329727  |d 329725 
952 |0 0  |1 0  |4 0  |6 305_235000000000000_INS_2007  |7 0  |8 A  |9 414752  |a BIBGIM  |b BIBGIM  |d 2019-11-22  |i 4425901  |o 305.235 INS 2007  |p 4425901  |r 2025-01-15  |w 2019-11-22  |y BK  |k SSL 
952 |0 0  |1 0  |4 0  |6 305_235000000000000_INS_2007  |7 0  |8 A  |9 414753  |a BIBGIM  |b BIBGIM  |d 2019-11-22  |i 442591K  |o 305.235 INS 2007  |p 442591K  |r 2025-01-15  |w 2019-11-22  |y BK  |k SSL 
952 |0 0  |1 0  |4 0  |6 305_235000000000000_INS_2007  |7 0  |8 A  |9 414754  |a BIBEDU  |b BIBEDU  |d 2019-11-22  |i 4786300  |o 305.235 INS 2007  |p 4786300  |r 2019-11-22  |w 2019-11-22  |y BK  |k EDU